000
00355nam a2200133Ia 4500
001
IA_
002
INTRODUCCION A LA MECANICA DE FLUIDOS
008
220117s xx 000 0 und d
010
_a
179752
700
_a
McDonald, Alan T., coaut.
_9
148151
700
_a
Nagore Cázares, Gabriel
_9
148152
942
_c
627 F69 1995
999
_c
179752
_d
179752